[Event "GER Cup Net V3 U2000"]
[Site "Playchess.com INT"]
[Date "2020.05.27"]
[Round "5"]
[White "Michalek, Franz"]
[Black "Stumpf, Daniel"]
[Result "0-1"]
[WhiteElo "1560"]
[BlackElo "1747"]
[PlyCount "48"]
[EventDate "2020.05.27"]
[EventType "swiss (blitz)"]
[EventRounds "9"]
[EventCountry "GER"]
[SourceTitle "EXT 2021"]
[Source "ChessBase"]
[SourceDate "2020.10.23"]
[SourceVersion "1"]
[SourceVersionDate "2020.10.23"]
[SourceQuality "1"]

1. d4 e6 2. Nf3 c5 3. c3 Nc6 4. e3 d5 5. Bd3 f5 6. 0-0 Nf6 7. Ne5 Bd6 8. f4 0-0 9. Qf3 Ne4 10. Bxe4 fxe4 11. Qh3 Bd7 12. Nd2 Qe7 13. a3 Bxe5 14. fxe5 Rxf1+ 15. Nxf1 Na5 16. Bd2 Nb3 17. Rb1 Bb5 18. Be1 Bd3 19. Rd1 Bc2 20. Rd2 Nxd2 21. Bxd2 Bd3 22. Ng3 Rf8 23. Be1 Qf7 24. Qg4 Qf1+ 0-1

[Event "GER Cup Net V1 U2400"]
[Site "Playchess.com INT"]
[Date "2020.05.19"]
[Round "7"]
[White "Bui, Bao Anh Le"]
[Black "Michalek, Franz"]
[Result "0-1"]
[WhiteElo "1871"]
[BlackElo "1737"]
[PlyCount "102"]
[EventDate "2020.05.19"]
[EventType "swiss (blitz)"]
[EventRounds "9"]
[EventCountry "GER"]
[SourceTitle "EXT 2021"]
[Source "ChessBase"]
[SourceDate "2020.10.23"]
[SourceVersion "1"]
[SourceVersionDate "2020.10.23"]
[SourceQuality "1"]

1. e4 e5 2. Nf3 d5 3. Nxe5 Bd6 4. d4 dxe4 5. Nc3 Bxe5 6. dxe5 Qxd1+ 7. Nxd1 Nc6 8. Bb5 Bd7 9. Nc3 Nxe5 10. Bxd7+ Nxd7 11. Nxe4 Ngf6 12. Nxf6+ Nxf6 13. 0-0 0-0 14. Bf4 c6 15. Rfe1 Rfe8 16. f3 Rxe1+ 17. Rxe1 Re8 18. Rxe8+ Nxe8 19. Kf2 f6 20. Ke3 Kf7 21. Kd4 Ke6 22. c4 g5 23. Bb8 a6 24. Kc5 Kd7 25. Kb6 Kc8 26. Bg3 Ng7 27. Be1 Ne6 28. g4 Nd4 29. Bc3 Nxf3 30. Bxf6 Nxh2 31. Bxg5 Nxg4 32. Kc5 Kd7 33. Kd4 Ke6 34. Ke4 Nf2+ 35. Kd4 h5 36. Kc5 Kd7 37. Kb6 Kc8 38. b4 Nd3 39. b5 axb5 40. cxb5 c5 41. a4 c4 42. Bf6 Nf4 43. Be5 Nd5+ 44. Kc5 Ne3 45. a5 h4 46. a6 bxa6 47. bxa6 h3 48. Kb6 Nd5+ 49. Kc5 c3 50. Kc6 c2 51. Bb2 Nb4+ 0-1

[Event "GER Cup Net V1 U2400"]
[Site "Playchess.com INT"]
[Date "2020.05.19"]
[Round "3"]
[White "Wolter, Detlef"]
[Black "Michalek, Franz"]
[Result "1-0"]
[WhiteElo "1890"]
[BlackElo "1737"]
[PlyCount "155"]
[EventDate "2020.05.19"]
[EventType "swiss (blitz)"]
[EventRounds "9"]
[EventCountry "GER"]
[SourceTitle "EXT 2021"]
[Source "ChessBase"]
[SourceDate "2020.10.23"]
[SourceVersion "1"]
[SourceVersionDate "2020.10.23"]
[SourceQuality "1"]

1. d4 Nf6 2. Bg5 c6 3. c3 Qb6 4. Qb3 d5 5. Nd2 Bf5 6. f3 h6 7. Bxf6 gxf6 8. e4 dxe4 9. fxe4 Bg6 10. Ngf3 Nd7 11. Bd3 e6 12. 0-0 Be7 13. Kh1 Qc7 14. Qc2 Rg8 15. c4 Bh5 16. d5 cxd5 17. exd5 exd5 18. Rae1 Ne5 19. Nxe5 fxe5 20. Bf5 Bd6 21. c5 Be7 22. Qa4+ Kf8 23. b4 e4 24. Qb3 Qe5 25. Qh3 Rg5 26. Be6 Bg6 27. Nf3 Qf4 28. Nxg5 Qxg5 29. Bxf7 Bxf7 30. Qe6 Qg7 31. Rf4 Kg8 32. Qf5 Bg5 33. Rg4 Rf8 34. h4 Bg6 35. Qxd5+ Bf7 36. Qxe4 Bg6 37. Qe6+ Bf7 38. Qe4 Bg6 39. Qd5+ Bf7 40. Qd7 Rd8 41. Qxd8+ Bxd8 42. Rxg7+ Kxg7 43. Rd1 Bf6 44. Rd7 Bc3 45. Rxb7 Kf6 46. a3 Bd5 47. Rxa7 Bb2 48. Ra6+ Kf5 49. c6 Kg4 50. c7 Bb7 51. Rb6 Bc8 52. Rb8 Bf5 53. Rg8+ Kxh4 54. c8Q Bxc8 55. Rxc8 Bxa3 56. b5 Bd6 57. b6 h5 58. b7 Kg3 59. b8Q Bxb8 60. Rxb8 h4 61. Rh8 Kg4 62. Kh2 Kf4 63. Kh3 Kg5 64. Rxh4 Kg6 65. Kg4 Kf6 66. Rh6+ Kg7 67. Ra6 Kf7 68. Kf5 Kg7 69. Rb6 Kh7 70. Kg5 Kg8 71. Rb7 Kf8 72. Kf6 Ke8 73. Rh7 Kd8 74. Ke6 Kc8 75. Kd6 Kb8 76. Kc6 Ka8 77. Kb6 Kb8 78. Rh8# 1-0

[Event "Ruhrgebiet Verbandsklasse Gruppe 1 1718"]
[Site "Germany"]
[Date "2018.03.18"]
[Round "8.2"]
[White "Wolf, Ulrich"]
[Black "Michalek, Franz"]
[Result "1-0"]
[WhiteElo "2035"]
[BlackElo "1883"]
[PlyCount "137"]
[EventDate "2017.09.17"]
[EventType "team-tourn"]
[EventRounds "9"]
[EventCountry "GER"]
[SourceTitle "EXT 2022"]
[Source "ChessBase"]
[SourceDate "2021.10.06"]
[SourceVersion "1"]
[SourceVersionDate "2021.10.06"]
[SourceQuality "1"]
[WhiteTeam "Wattenscheid SV III"]
[BlackTeam "Eving SV Rochade"]
[WhiteTeamCountry "GER"]
[BlackTeamCountry "GER"]

1. Nf3 d5 2. c4 c6 3. b3 Nf6 4. Bb2 g6 5. Bxf6 exf6 6. d4 Be6 7. e3 Qa5+ 8. Nbd2 Na6 9. Be2 h5 10. 0-0 h4 11. h3 Qc7 12. cxd5 cxd5 13. Bb5+ Bd7 14. Qe2 Bxb5 15. Qxb5+ Qc6 16. Qe2 Nc7 17. Rac1 Qb5 18. Qd1 Ne6 19. Nb1 Qd7 20. Qd3 Rd8 21. Rc2 Bd6 22. Nc3 Bb8 23. Qb5 a6 24. Qxd7+ Rxd7 25. Na4 Ba7 26. Rc8+ Rd8 27. Rfc1 g5 28. Rxd8+ Kxd8 29. Kf1 Re8 30. Nc3 Nc7 31. Ke2 Re6 32. Kd3 Rc6 33. Rg1 Ke7 34. g3 hxg3 35. fxg3 b5 36. b4 Bb8 37. h4 g4 38. Nd2 f5 39. Nb3 Rf6 40. Nc5 Rh6 41. Rf1 Rh5 42. Ra1 Kd8 43. Ne2 Rh6 44. Rf1 Rh5 45. Nf4 Rh6 46. Rg1 Ke7 47. Ra1 Rb6 48. Kc3 Rh6 49. a4 bxa4 50. Kd3 Kd8 51. Rxa4 Kc8 52. Ra1 Rb6 53. h5 Rh6 54. Rh1 Kd8 55. Kc2 Ke7 56. Kb3 Kd6 57. Ncd3 f6 58. Nc5 Ba7 59. Ra1 Bxc5 60. bxc5+ Kc6 61. Kb4 Rh7 62. Ka5 Re7 63. Rh1 Rxe3 64. Ra1 Nb5 65. h6 Nxd4 66. h7 Re8 67. Rh1 Nb3+ 68. Kb4 Rb8+ 69. Ka3 1-0

[Event "Ruhrgebiet Verbandsklasse Gruppe 1 1718"]
[Site "Germany"]
[Date "2018.02.04"]
[Round "6.3"]
[White "Michalek, Franz"]
[Black "Eckert, Marius"]
[Result "0-1"]
[WhiteElo "1883"]
[BlackElo "1981"]
[PlyCount "66"]
[EventDate "2017.09.17"]
[EventType "team-tourn"]
[EventRounds "9"]
[EventCountry "GER"]
[SourceTitle "EXT 2022"]
[Source "ChessBase"]
[SourceDate "2021.10.06"]
[SourceVersion "1"]
[SourceVersionDate "2021.10.06"]
[SourceQuality "1"]
[WhiteTeam "Eving SV Rochade"]
[BlackTeam "Waltrop SV"]
[WhiteTeamCountry "GER"]
[BlackTeamCountry "GER"]

1. d4 d5 2. Nf3 c6 3. c3 Nf6 4. Bg5 Bf5 5. Nbd2 h6 6. Bh4 Nbd7 7. e3 e6 8. Ne5 Nxe5 9. dxe5 g5 10. Bg3 Nd7 11. Nb3 Bg7 12. f4 Qb6 13. Bf2 c5 14. Qd2 0-0-0 15. Nc1 f6 16. exf6 Nxf6 17. Bd3 Ne4 18. Qc2 c4 19. Bxe4 Bxe4 20. Qd2 Bxg2 21. Rg1 Be4 22. Ne2 Bf6 23. Nd4 e5 24. fxe5 Bxe5 25. Bg3 Bxg3+ 26. hxg3 Rdf8 27. b4 Rf7 28. a4 Rhf8 29. Qh2 Qg6 30. a5 Bd3 31. Rc1 Qe4 32. Qh3+ g4 33. Qxh6 Rf1+ 0-1

[Event "Ruhrgebiet Verbandsklasse Gruppe 1 1718"]
[Site "Germany"]
[Date "2017.10.08"]
[Round "2.2"]
[White "Khess, Igor"]
[Black "Michalek, Franz"]
[Result "1/2-1/2"]
[WhiteElo "1954"]
[BlackElo "1883"]
[PlyCount "41"]
[EventDate "2017.09.17"]
[EventType "team-tourn"]
[EventRounds "9"]
[EventCountry "GER"]
[SourceTitle "EXT 2022"]
[Source "ChessBase"]
[SourceDate "2021.10.06"]
[SourceVersion "1"]
[SourceVersionDate "2021.10.06"]
[SourceQuality "1"]
[WhiteTeam "Dortmund FS"]
[BlackTeam "Eving SV Rochade"]
[WhiteTeamCountry "GER"]
[BlackTeamCountry "GER"]

1. e4 c5 2. Nc3 Nc6 3. g3 g6 4. Bg2 Bg7 5. Nge2 d6 6. d3 Nf6 7. d4 cxd4 8. Nxd4 Bd7 9. Nce2 0-0 10. c3 Qc8 11. h4 h5 12. f3 Ne5 13. b3 Rb8 14. c4 a6 15. a4 Qc5 16. 0-0 Qc8 17. Kh2 Rd8 18. Bg5 Qc5 19. Qd2 Kh7 20. Rfd1 Qc8 21. Nc3 1/2-1/2

[Event "Ruhrgebiet Verbandsklasse Gruppe 3 1516"]
[Site "Germany"]
[Date "2016.03.20"]
[Round "8.3"]
[White "Michalek, Franz"]
[Black "Hater, Norbert"]
[Result "1-0"]
[WhiteElo "1911"]
[BlackElo "1910"]
[PlyCount "151"]
[EventDate "2015.09.06"]
[EventType "team-tourn"]
[EventRounds "9"]
[EventCountry "GER"]
[SourceTitle "EXT 2022"]
[Source "ChessBase"]
[SourceDate "2021.10.06"]
[SourceVersion "1"]
[SourceVersionDate "2021.10.06"]
[SourceQuality "1"]
[WhiteTeam "Eving SV Rochade"]
[BlackTeam "Hervest Dorsten"]
[WhiteTeamCountry "GER"]
[BlackTeamCountry "GER"]

1. d4 g6 2. Nf3 Bg7 3. c3 d5 4. Bg5 Nf6 5. Nbd2 h6 6. Bh4 Nbd7 7. e3 c6 8. Bd3 0-0 9. 0-0 g5 10. Bg3 Nh5 11. e4 dxe4 12. Nxe4 f5 13. Bc4+ Kh8 14. Nexg5 Nxg3 15. Ne6 Qb6 16. hxg3 Rf6 17. Nxg7 Kxg7 18. Re1 Qd8 19. Qe2 Kf8 20. Bb3 Nb6 21. Ne5 Nd5 22. c4 Nc7 23. Rad1 e6 24. Qh5 Bd7 25. Ng6+ Kg7 26. Nf4 Be8 27. Qf3 Bf7 28. Re5 Qd6 29. g4 Rd8 30. gxf5 exf5 31. c5 Qd7 32. Bxf7 Rxf7 33. Qg3+ Kh8 34. Qg6 Rh7 35. Qf6+ Kg8 36. Rxf5 Rf7 37. Qxf7+ Qxf7 38. Rxf7 Kxf7 39. Kf1 Na6 40. a3 Nxc5 41. d5 Kf6 42. Rc1 Nb3 43. Rc3 Nd4 44. dxc6 Nxc6 45. Rd3 Ke5 46. Rxd8 Nxd8 47. Nd3+ Kd4 48. Ke2 Ne6 49. Kd2 Ng5 50. f3 h5 51. Nf4 h4 52. Ne2+ Kc4 53. Kc2 h3 54. b3+ Kc5 55. gxh3 Nxh3 56. Kd3 a5 57. f4 b5 58. f5 Ng5 59. f6 Nf7 60. Nf4 a4 61. b4+ Kd6 62. Ke4 Nh6 63. Ne2 Ng4 64. f7 Nf6+ 65. Kf5 Nd7 66. Nd4 Kd5 67. Nxb5 Kc4 68. Nc3 Kxc3 69. b5 Kb3 70. b6 Kxa3 71. b7 Ka2 72. b8Q Nxb8 73. f8Q a3 74. Ke4 Ka1 75. Kd3 Nd7 76. Qxa3+ 1-0

[Event "Ruhrgebiet Verbandsklasse Gruppe 3 1516"]
[Site "Germany"]
[Date "2016.01.24"]
[Round "6.2"]
[White "Goralski, Christian"]
[Black "Michalek, Franz"]
[Result "0-1"]
[WhiteElo "2038"]
[BlackElo "1911"]
[PlyCount "146"]
[EventDate "2015.09.06"]
[EventType "team-tourn"]
[EventRounds "9"]
[EventCountry "GER"]
[SourceTitle "EXT 2022"]
[Source "ChessBase"]
[SourceDate "2021.10.06"]
[SourceVersion "1"]
[SourceVersionDate "2021.10.06"]
[SourceQuality "1"]
[WhiteTeam "Bochum SV II"]
[BlackTeam "Eving SV Rochade"]
[WhiteTeamCountry "GER"]
[BlackTeamCountry "GER"]

1. e4 c5 2. c3 d5 3. exd5 Qxd5 4. d4 Nc6 5. Nf3 cxd4 6. cxd4 Bg4 7. Be2 e6 8. 0-0 Nf6 9. h3 Bh5 10. Nc3 Qd8 11. Be3 Be7 12. Qb3 Rb8 13. Rfd1 0-0 14. d5 Na5 15. Qb5 a6 16. Qb6 exd5 17. Qxd8 Bxd8 18. Nxd5 Nxd5 19. Rxd5 Bxf3 20. Bxf3 Nc6 21. Bf4 Rc8 22. Rd7 Bf6 23. Rxb7 Nd4 24. Bd1 Rfd8 25. Rc1 h6 26. Rxc8 Rxc8 27. b3 Rd8 28. Rb8 Kf8 29. Kf1 Ke7 30. Rxd8 Kxd8 31. Be2 Nxe2 32. Kxe2 h5 33. Kd3 Kd7 34. Ke4 Be7 35. Kd5 Bb4 36. Bc1 g6 37. Bb2 Bf8 38. Bd4 Kc7 39. Bc5 Bg7 40. f4 Bh6 41. f5 Kd7 42. Bd4 Bf8 43. a4 Bb4 44. Bc5 Bc3 45. b4 Bf6 46. b5 axb5 47. a5 Kc7 48. fxg6 fxg6 49. a6 Bc3 50. Be3 Ba5 51. Ke6 Bc3 52. Kf7 b4 53. a7 Kb7 54. Kxg6 b3 55. Bc1 h4 56. Kh5 Be1 57. a8Q+ Kxa8 58. Kg4 Kb7 59. Kf3 Kc6 60. Ke2 Bg3 61. Kd3 Kb5 62. Ba3 Be1 63. Bb2 Kb4 64. Bf6 Ka3 65. Ke2 Ba5 66. g3 Bd8 67. Bd4 hxg3 68. Kf3 Bh4 69. Kg2 b2 70. Bxb2+ Kxb2 71. Kg1 Kc2 72. Kg2 Kd2 73. Kf1 Ke3 0-1

[Event "Ruhrgebiet Verbandsklasse Gruppe 3 1516"]
[Site "Germany"]
[Date "2015.12.20"]
[Round "5.3"]
[White "Parado, Dominado"]
[Black "Michalek, Franz"]
[Result "0-1"]
[WhiteElo "1893"]
[BlackElo "1911"]
[PlyCount "88"]
[EventDate "2015.09.06"]
[EventType "team-tourn"]
[EventRounds "9"]
[EventCountry "GER"]
[SourceTitle "EXT 2022"]
[Source "ChessBase"]
[SourceDate "2021.10.06"]
[SourceVersion "1"]
[SourceVersionDate "2021.10.06"]
[SourceQuality "1"]
[WhiteTeam "Recklinghausen Sued"]
[BlackTeam "Eving SV Rochade"]
[WhiteTeamCountry "GER"]
[BlackTeamCountry "GER"]

1. Nf3 Nf6 2. c4 g6 3. Nc3 Bg7 4. d4 c5 5. d5 d6 6. Bg5 a6 7. Qd2 h5 8. e3 Nbd7 9. Bd3 Ng4 10. h3 Nge5 11. Nxe5 Nxe5 12. Be2 f5 13. f4 Nf7 14. Bh4 Qa5 15. 0-0 Bd7 16. Qc2 b5 17. a3 Rb8 18. e4 Qb6 19. Kh1 bxc4 20. Rab1 Qb3 21. Qd2 fxe4 22. Qe3 Bf5 23. Bd1 Qb7 24. Ba4+ Kf8 25. Bc2 Bd4 26. Qe2 Qd7 27. Bxe4 Nh6 28. Rbe1 Rh7 29. Bg5 Bxe4 30. Qxe4 Nf5 31. Qf3 Rxb2 32. Rb1 Rb3 33. Rxb3 cxb3 34. Rb1 c4 35. Ne2 Bh8 36. Qf2 Qb7 37. Qf3 b2 38. Kg1 Qb6+ 39. Kh2 Qe3 40. Qf1 Qb3 41. Qf2 c3 42. Nc1 Qxd5 43. Qa7 Kf7 44. Ne2 Qe4 0-1

[Event "Ruhrgebiet Verbandsklasse Gruppe 3 1516"]
[Site "Germany"]
[Date "2015.09.06"]
[Round "1.3"]
[White "Weinert, Christian"]
[Black "Michalek, Franz"]
[Result "0-1"]
[WhiteElo "1915"]
[BlackElo "1911"]
[PlyCount "102"]
[EventDate "2015.09.06"]
[EventType "team-tourn"]
[EventRounds "9"]
[EventCountry "GER"]
[SourceTitle "EXT 2022"]
[Source "ChessBase"]
[SourceDate "2021.10.06"]
[SourceVersion "1"]
[SourceVersionDate "2021.10.06"]
[SourceQuality "1"]
[WhiteTeam "Mengede SG"]
[BlackTeam "Eving SV Rochade"]
[WhiteTeamCountry "GER"]
[BlackTeamCountry "GER"]

1. d4 Nf6 2. c4 c5 3. d5 b5 4. cxb5 a6 5. bxa6 Bxa6 6. Nc3 g6 7. g3 Bg7 8. Bg2 d6 9. Nf3 Nbd7 10. Rb1 0-0 11. b3 Qa5 12. Qd2 Rfb8 13. 0-0 Ng4 14. Bb2 Ra7 15. Rfc1 Qb4 16. Bf1 Nge5 17. Nxe5 Nxe5 18. f4 Ng4 19. e3 Nxe3 20. Bxa6 Rxa6 21. Re1 Nf5 22. Qd3 Ra7 23. Re4 Qb6 24. Kh1 Rba8 25. g4 Nd4 26. f5 Be5 27. fxg6 hxg6 28. h4 Kg7 29. Kg2 Rh8 30. Rh1 Qb7 31. h5 Raa8 32. Ree1 Qd7 33. Qe4 gxh5 34. gxh5 Qf5 35. Qxf5 Nxf5 36. a4 Rab8 37. Rxe5 dxe5 38. Nb5 f6 39. Ba3 Nd6 40. Nc7 Rxb3 41. Ne6+ Kf7 42. Bxc5 Rb2+ 43. Kf3 Ra2 44. Bb6 Rxa4 45. Nd8+ Ke8 46. Ne6 Ra3+ 47. Ke2 Nf5 48. Bf2 Kf7 49. Rh2 Ra5 50. Nc5 Nd4+ 51. Bxd4 Ra2+ 0-1

[Event "Ruhrgebiet VK1 1213"]
[Site "Nordrheinwestfalen"]
[Date "2013.02.24"]
[Round "7.4"]
[White "Michalek, Franz"]
[Black "Prass, Marian"]
[Result "0-1"]
[WhiteElo "1883"]
[BlackElo "1903"]
[PlyCount "100"]
[EventDate "2012.09.02"]
[EventType "team-tourn"]
[EventRounds "9"]
[EventCountry "GER"]
[SourceTitle "EXT 2020"]
[Source "ChessBase"]
[SourceDate "2019.10.17"]
[SourceVersion "1"]
[SourceVersionDate "2019.10.17"]
[SourceQuality "1"]
[WhiteTeam "Rochade Eving"]
[BlackTeam "Altenessen"]
[WhiteTeamCountry "GER"]
[BlackTeamCountry "GER"]

1. d4 Nf6 2. Nf3 e6 3. Bg5 h6 4. Bh4 d5 5. Nbd2 Be7 6. e3 c5 7. c3 Nc6 8. Bd3 a6 9. 0-0 b5 10. Re1 Bb7 11. Qe2 Qb6 12. Ne5 Nxe5 13. dxe5 Ng8 14. Bg3 h5 15. f4 c4 16. Bc2 Bc5 17. Bf2 h4 18. h3 Ne7 19. Qg4 g6 20. Nf3 Nf5 21. Nd4 Qc7 22. Qf3 Rd8 23. a3 Qe7 24. Rad1 Ba8 25. Kh2 Qc7 26. Qg4 Qe7 27. Re2 Bb7 28. Nf3 Rh6 29. Rde1 Kf8 30. Bxh4 Nxh4 31. Ng5 Nf5 32. Bxf5 gxf5 33. Qg3 Rg6 34. Qh4 Ke8 35. g4 fxg4 36. hxg4 f6 37. Nf3 fxe5 38. Qxe7+ Kxe7 39. Nxe5 Rg7 40. Kg3 Bd6 41. g5 Rdg8 42. Nf3 Rxg5+ 43. Nxg5 Rxg5+ 44. Kh4 Rg8 45. Rf1 Kf6 46. Rh2 Kf5 47. Rd1 Bc5 48. Re1 Ke4 49. Rh3 Be7+ 50. Kh5 Kf5 0-1

[Event "Ruhrgebiet VK1 1213"]
[Site "Nordrheinwestfalen"]
[Date "2012.12.02"]
[Round "4.5"]
[White "Michalek, Franz"]
[Black "Simanowski, Mio"]
[Result "1/2-1/2"]
[WhiteElo "1883"]
[BlackElo "1833"]
[PlyCount "154"]
[EventDate "2012.09.02"]
[EventType "team-tourn"]
[EventRounds "9"]
[EventCountry "GER"]
[SourceTitle "EXT 2020"]
[Source "ChessBase"]
[SourceDate "2019.10.17"]
[SourceVersion "1"]
[SourceVersionDate "2019.10.17"]
[SourceQuality "1"]
[WhiteTeam "Rochade Eving"]
[BlackTeam "Muelheim Nord IV"]
[WhiteTeamCountry "GER"]
[BlackTeamCountry "GER"]

1. d4 d5 2. Nf3 Nf6 3. Bg5 e6 4. Nbd2 c5 5. e3 Nc6 6. c3 Be7 7. Bd3 0-0 8. 0-0 h6 9. Bh4 b6 10. Rc1 Bb7 11. Re1 Ne4 12. Bg3 f5 13. Ne5 Nxe5 14. Bxe5 Bh4 15. Bg3 Bxg3 16. hxg3 Qf6 17. Nf3 Rad8 18. Ne5 Qg5 19. Qa4 a6 20. Qd1 h5 21. Qe2 c4 22. Bc2 Rf6 23. Qf3 h4 24. Qf4 hxg3 25. fxg3 Qxg3 26. Qxg3 Nxg3 27. Kh2 Ne4 28. Bxe4 fxe4 29. Kg1 Kf8 30. Rf1 Ke7 31. Rf2 Rxf2 32. Kxf2 Rf8+ 33. Kg1 Rf6 34. Rf1 a5 35. g3 Kd6 36. Rf4 Rxf4 37. gxf4 b5 38. a3 Kc7 39. Kf2 Bc8 40. Ke1 Bb7 41. Kd2 Bc6 42. Ke2 Be8 43. Kf2 Kb6 44. Ke1 Ka6 45. Kd2 Kb6 46. Kc2 Ka6 47. b4 cxb3+ 48. Kxb3 Kb6 49. Kc2 Ka6 50. Kd2 Kb6 51. Ng4 Kc6 52. Nh2 Kd6 53. Nf1 Ke7 54. Ke1 Kf6 55. Nd2 a4 56. Kf2 g5 57. Kg3 Kf5 58. fxg5 Kxg5 59. Nf1 Bf7 60. Nh2 Bh5 61. Kf2 e5 62. Nf1 Bg4 63. Ke1 Bh3 64. Nd2 exd4 65. cxd4 Bd7 66. Nb1 Bc6 67. Kd2 Kg4 68. Nc3 Kf3 69. Na2 Kf2 70. Nb4 Bb7 71. Nc2 Bc6 72. Nb4 Bb7 73. Nc2 Bc6 74. Nb4 Bb7 75. Na2 Bc6 76. Nb4 Bb7 77. Nc2 Bc6 1/2-1/2

[Event "Ruhrgebiet VK1 1213"]
[Site "Nordrheinwestfalen"]
[Date "2012.09.02"]
[Round "1.2"]
[White "Michalek, Franz"]
[Black "Henrichs, Wenke"]
[Result "1-0"]
[WhiteElo "1883"]
[BlackElo "2010"]
[PlyCount "177"]
[EventDate "2012.09.02"]
[EventType "team-tourn"]
[EventRounds "9"]
[EventCountry "GER"]
[SourceTitle "EXT 2020"]
[Source "ChessBase"]
[SourceDate "2019.10.17"]
[SourceVersion "1"]
[SourceVersionDate "2019.10.17"]
[SourceQuality "1"]
[WhiteTeam "Rochade Eving"]
[BlackTeam "Wattenscheid SV IV"]
[WhiteTeamCountry "GER"]
[BlackTeamCountry "GER"]

1. d4 e6 2. Nf3 f5 3. Bf4 Nf6 4. Nbd2 Be7 5. e3 0-0 6. Bd3 b6 7. c3 Bb7 8. 0-0 Nh5 9. Ne5 Nxf4 10. exf4 d6 11. Nef3 Nd7 12. Re1 Rf6 13. Qb3 Nf8 14. Re3 Qc8 15. Rae1 d5 16. Ne5 c5 17. Qd1 Bd6 18. Ndf3 Qc7 19. a3 c4 20. Bc2 b5 21. Ng5 a5 22. Qh5 Bxe5 23. Rxe5 Rh6 24. Qe2 Bc8 25. Qd2 Ra6 26. g3 Bd7 27. Ra1 Rb6 28. Re2 Qb8 29. Kg2 Rf6 30. Nf3 Be8 31. Ne5 b4 32. axb4 axb4 33. Ree1 h6 34. cxb4 Nh7 35. Ba4 Rf8 36. Bxe8 Qxe8 37. Ra7 Nf6 38. Rea1 Qb5 39. R1a4 Rfb8 40. Qe1 Qe8 41. h3 Qc8 42. g4 R6b7 43. R7a5 fxg4 44. hxg4 Nd7 45. Ra6 Rb6 46. Ra7 Nf8 47. g5 R6b7 48. gxh6 gxh6 49. Qh1 Qc7 50. Rxb7 Rxb7 51. Qxh6 Qg7+ 52. Qg5 Kh7 53. Kf3 Qh6 54. Qxh6+ Kxh6 55. Ra1 Kg7 56. Nc6 Ng6 57. Ra7 Rf7 58. Rxf7+ Kxf7 59. b5 Ne7 60. Nd8+ Ke8 61. Nxe6 Kd7 62. Nf8+ Kc7 63. Ke2 Nf5 64. Ne6+ Kb6 65. Kd2 Kxb5 66. Kc3 Kc6 67. Ng5 Nd6 68. Kd2 Kd7 69. Kc3 Nf5 70. Nf3 Nd6 71. Kb4 Ne4 72. Ng5 Nxf2 73. Kc5 Nd3+ 74. Kxd5 Nxb2 75. Ne4 Ke7 76. f5 c3 77. Nxc3 Kf6 78. Ke4 Nc4 79. Nd5+ Kf7 80. Ne3 Nd6+ 81. Ke5 Ne8 82. d5 Nf6 83. d6 Nd7+ 84. Kd5 Nb8 85. Ng4 Ke8 86. Ne5 Kd8 87. Nc6+ Nxc6 88. Kxc6 Kc8 89. f6 1-0

[Event "Ruhrgebiet VK1 1112"]
[Site "Nordrheinwestfalen"]
[Date "2011.12.11"]
[Round "4"]
[White "Michalek, Franz"]
[Black "Panofen, Ingo"]
[Result "1/2-1/2"]
[WhiteElo "1861"]
[BlackElo "1888"]
[PlyCount "171"]
[EventDate "2012.09.18"]
[EventType "team-tourn"]
[EventRounds "9"]
[EventCountry "GER"]
[SourceTitle "EXT 2020"]
[Source "ChessBase"]
[SourceDate "2019.10.17"]
[SourceVersion "1"]
[SourceVersionDate "2019.10.17"]
[SourceQuality "1"]
[WhiteTeam "Rochade Eving"]
[BlackTeam "Castrop Rauxel"]
[WhiteTeamCountry "GER"]
[BlackTeamCountry "GER"]

1. d4 d5 2. Nf3 Nf6 3. Bg5 Nbd7 4. Nbd2 c6 5. c3 Qb6 6. Qb3 Qxb3 7. axb3 e6 8. e3 Bd6 9. Bd3 e5 10. dxe5 Bxe5 11. 0-0 h6 12. Bh4 g5 13. Bg3 Bxg3 14. hxg3 0-0 15. b4 Ng4 16. Nd4 Nde5 17. Be2 Bd7 18. N2f3 a6 19. Nxe5 Nxe5 20. f4 Ng4 21. Bxg4 Bxg4 22. Rfe1 Rae8 23. Kf2 Re4 24. Rh1 Kg7 25. Nf3 f6 26. Nd2 Re7 27. Nb3 Rfe8 28. Rhe1 Kg6 29. Nc5 Bc8 30. Kf3 h5 31. Kf2 Kf5 32. Rad1 Kg6 33. Rd4 Bf5 34. c4 dxc4 35. Rxc4 Be4 36. Rd4 Kf7 37. Rd6 Bf5 38. Rd4 Be4 39. Nb3 Bd5 40. Nd2 Be4 41. Nf3 g4 42. Nd2 Kg6 43. Nc4 Bd5 44. Nd2 f5 45. Nb1 Re4 46. Rd2 Rxb4 47. Nc3 Re6 48. Red1 b6 49. Ra1 a5 50. Ne2 Bc4 51. Nc3 Bd5 52. Ne2 Rbe4 53. Nd4 Re8 54. Re1 b5 55. Rc2 a4 56. Nxc6 Bxc6 57. Rxc6+ R8e6 58. Rc5 Rb4 59. Re2 Kf6 60. Rc8 Rc4 61. Rf8+ Kg6 62. Rg8+ Kf7 63. Rg5 Rf6 64. Rxh5 b4 65. Rh7+ Kg6 66. Ra7 b3 67. Rd2 Rfc6 68. Ke2 Rc2 69. Rxa4 Rxd2+ 70. Kxd2 Rc2+ 71. Kd3 Rxb2 72. Ra6+ Kf7 73. Rb6 Rxg2 74. Rxb3 Rxg3 75. Kd4 Rf3 76. Ke5 g3 77. Rb1 Kg6 78. Rb6+ Kf7 79. Kxf5 Rxe3 80. Rb7+ Kg8 81. Kf6 Rf3 82. f5 Rc3 83. Rg7+ Kf8 84. Rg4 Rc6+ 85. Kg5 Rc3 86. Kg6 1/2-1/2

[Event "Ruhrgebiet VK3 0910"]
[Site "Ruhrgebiet"]
[Date "2010.04.18"]
[Round "9.4"]
[White "Michalek, Franz"]
[Black "Grodotzki, Thomas"]
[Result "0-1"]
[WhiteElo "1900"]
[BlackElo "1969"]
[PlyCount "108"]
[EventDate "2009.09.06"]
[EventType "team"]
[EventRounds "9"]
[EventCountry "GER"]
[SourceTitle "EXT 2011"]
[Source "ChessBase"]
[SourceDate "2010.11.26"]
[SourceVersion "1"]
[SourceVersionDate "2010.11.26"]
[SourceQuality "1"]
[WhiteTeam "Rochade Eving"]
[BlackTeam "Wacker Bergeborbeck"]
[WhiteTeamCountry "GER"]
[BlackTeamCountry "GER"]

1. d4 Nf6 2. Nf3 g6 3. Bg5 Bg7 4. c3 b6 5. Nbd2 Bb7 6. e3 0-0 7. Bc4 d5 8. Bd3 c5 9. 0-0 Ne4 10. Bh4 Nd7 11. Qc2 Nxd2 12. Nxd2 Rc8 13. f4 cxd4 14. exd4 Bxd4+ 15. Kh1 Bf6 16. Bxf6 Nxf6 17. Qa4 d4 18. cxd4 Bc6 19. Qa3 e6 20. Ba6 Qxd4 21. Nf3 Bxf3 22. Bxc8 Bxg2+ 23. Kxg2 Rxc8 24. Rad1 Rc2+ 25. Kh1 Qxb2 26. Qxb2 Rxb2 27. a4 Ra2 28. Ra1 Rxa1 29. Rxa1 Nd5 30. Rf1 Kg7 31. Rf3 Kf6 32. Kg2 a5 33. Kg3 Kf5 34. h4 h6 35. Rf1 Nc3 36. Ra1 Ne2+ 37. Kf3 Nxf4 38. Rc1 g5 39. Rc7 g4+ 40. Kf2 f6 41. Kg3 Nd5 42. Rh7 Kg6 43. Rb7 h5 44. Rb8 f5 45. Re8 f4+ 46. Kf2 Kf5 47. Rh8 g3+ 48. Kf3 Nf6 49. Rb8 e5 50. Rxb6 e4+ 51. Kg2 Kg4 52. Rxf6 f3+ 53. Kf1 e3 54. Kg1 e2 0-1

[Event "Ruhrgebiet VK3 0910"]
[Site "Ruhrgebiet"]
[Date "2009.10.04"]
[Round "2.4"]
[White "Michalek, Franz"]
[Black "Schoetz, Hans Joachim"]
[Result "1-0"]
[WhiteElo "1900"]
[BlackElo "1817"]
[PlyCount "63"]
[EventDate "2009.09.06"]
[EventType "team"]
[EventRounds "9"]
[EventCountry "GER"]
[SourceTitle "EXT 2011"]
[Source "ChessBase"]
[SourceDate "2010.11.26"]
[SourceVersion "1"]
[SourceVersionDate "2010.11.26"]
[SourceQuality "1"]
[WhiteTeam "Rochade Eving"]
[BlackTeam "Boenen SV"]
[WhiteTeamCountry "GER"]
[BlackTeamCountry "GER"]

1. d4 d5 2. Nf3 Nc6 3. Bg5 Bg4 4. Nbd2 Nf6 5. c3 e6 6. Qb3 a6 7. Ne5 Bf5 8. f3 Be7 9. Nxc6 bxc6 10. Qa4 Qd7 11. g4 Bg6 12. Bg2 0-0 13. h4 h5 14. Bxf6 Bxf6 15. g5 Be7 16. f4 f6 17. 0-0 Bd6 18. e3 e5 19. Bxd5+ Kh7 20. f5 Bxf5 21. Bxc6 Qc8 22. Rxf5 Qxf5 23. Be4 fxg5 24. Qc2 g6 25. Bxf5 Rxf5 26. Qe4 Raf8 27. Rf1 exd4 28. exd4 g4 29. Rxf5 Rxf5 30. Qe6 Bg3 31. Qe7+ Kh6 32. Ne4 1-0